NFL WR 2's! - Statistics

General Stats
  • This quiz has been taken 25 times
  • The average score is 7 of 32
Answer Stats
Hint Answer % Correct
Vikings Adam Thielen
87%
Chargers Mike Williams
57%
Bucs Chris Godwin
43%
Eagles DeVonta Smith
43%
Seahawks DK Metcalf
43%
Rams Allen Robinson
39%
Jaguars Marvin Jones
39%
Saints Jarvis Landry
35%
Patriots Jakobi Meyers
30%
Dolphins Jaylen Waddle
30%
49ers Brandon Aiyuk
22%
Cardinals AJ Green
17%
Bengals Tee Higgins
17%
Steelers Chase Claypool
13%
Jets Corey Davis
13%
Lions DJ Chark
13%
Raiders Hunter Renfrow
13%
Chiefs Mecole Hardman
13%
Texans Nico Collins
13%
Panthers Robbie Anderson
13%
Giants Sterling Shepard
13%
Commanders Curtis Samuel
9%
Ravens Devin Duvernay
9%
Browns Donovan Peoples-Jones
9%
Bills Gabe Davis
9%
Falcons Olamide Zaccheaus
9%
Colts Alec Pierce
4%
Bears Byron Pringle
4%
Cowboys Micheal Gallup
4%
Titans Treylon Burks
4%
Packers Christian Watson
0%
Broncos Jerry Judy
0%
No matching quizzes found
Score Distribution
Percent of People with Each Score
Percentile by Number Answered
Your Score History
You have not taken this quiz